• 首页
  • 本馆介绍
  • 公告通知
  • 最新文献
  • 馆藏检索
  • 电子资源
  • 读者导购
  • 参考咨询
  • 我的图书馆
  • 登录
  • 详细信息显示
  • 放入我的书架
  • 预约/预借图书
  • 作者相关作品
  • 分类相关作品
  • 丛书相关作品
  • 出版社相关作品

书目信息

  • 表格格式
  • 工作单格式
  • 卡片格式
题名:
CMOS模拟集成电路设计与仿真实例
    
 
作者: 陈铖颖 , 尹飞飞 , 范军 编著
分册:  
出版信息: 北京   电子工业出版社  2014
页数: 324页
开本: 26cm
丛书名:
单 册:
中图分类: TN432.02
科图分类:
主题词: CMOS电路--模拟集成电路--电路设计 , CMOS电路 , 模拟集成电路 , 电路设计
电子资源:
ISBN: 978-7-121-22598-7
000 01341nam0 2200301 450
001 523
005 20140910085619.54
010    @a978-7-121-22598-7@dCNY59.80
100    @a20140708d2014 em y0chiy50 ea
101 0  @achi
102    @aCN@b110000
105    @aa z 000yy
106    @ar
200 1  @aCMOS模拟集成电路设计与仿真实例@ACMOS Mo Ni Ji Cheng Dian Lu She Ji Yu Fang Zhen Shi Li@e基于Hspice@EJi Yu Hspice@f陈铖颖,尹飞飞,范军编著@FChen Cheng Ying, Yin Fei Fei, Fan Jun Bian Zhu
210    @a北京@c电子工业出版社@d2014
215    @a324页@c图@d26cm
300    @aEDA应用技术
330    @a本书主要介绍利用Hspice软件进行CMOS模拟集成电路设计的相关知识和仿真方法。内容包括CMOS模拟集成电路基础、Hspice概况介绍及Hspice的各种仿真功能和实例。本书通过大量实例,由浅入深、系统地介绍了各类常用CMOS模拟集成电路的理论知识和设计仿真方法,包括标准单元库、运算放大器、带隙基准源、低压差线性稳压器、滤波器、比较器、可变增益放大器和逐次逼近模数转换器等仿真实例。
606 0  @aCMOS电路@x模拟集成电路@x电路设计
606 0  @aCMOS电路
606 0  @a模拟集成电路
606 0  @a电路设计
690    @aTN432.02@v5
701  0 @a陈铖颖@AChen Cheng Ying@f(1982~)@4编著
701  0 @a尹飞飞@AYin Fei Fei@c(女,@f1979~)@4编著
701  0 @a范军@AFan Jun@f(1979~)@4编著
801  0 @aCN@bTANGWEI@c20140603
905    @b0841886-88@dTN432.02@e127@f3
    
    CMOS模拟集成电路设计与仿真实例:基于Hspice/陈铖颖,尹飞飞,范军编著.-北京:电子工业出版社,2014
    324页:图;26cm
    EDA应用技术
    
    ISBN 978-7-121-22598-7:CNY59.80
    本书主要介绍利用Hspice软件进行CMOS模拟集成电路设计的相关知识和仿真方法。内容包括CMOS模拟集成电路基础、Hspice概况介绍及Hspice的各种仿真功能和实例。本书通过大量实例,由浅入深、系统地介绍了各类常用CMOS模拟集成电路的理论知识和设计仿真方法,包括标准单元库、运算放大器、带隙基准源、低压差线性稳压器、滤波器、比较器、可变增益放大器和逐次逼近模数转换器等仿真实例。
●
相关链接 在E读中查询图书 在五车中查询图书 在当当中查询图书 在豆瓣中查询图书


正题名:CMOS模拟集成电路设计与仿真实例     索取号:TN432.02/127         预约/预借

序号 登录号 条形码 馆藏地/架位号 状态 备注
1 0841886   208418862   第二样本阅览室/ [索取号:TN432.02/127] 在馆    
2 0841887   208418871   密集书库—计算机科学学院/ [索取号:TN432.02/127] 在馆    
3 0841888   208418880   第三借阅区/ [索取号:TN432.02/127] 在馆    
唐山师范学院图书馆 欢迎您!
大连网信软件有限公司© 版权所有